000 00375nam a2200157Ia 4500
008 230917s9999||||xx |||||||||||||| ||und||
040 _e34719
_aMAIN
041 _aEnglish
082 _a342.591 M444B
100 _aMaung, Maung
245 0 _aBurma constitution
250 _a2nd ed.
260 _aHague
_bMartinus Nijhoff
_c1961
300 _axviii, 340 p.
942 _cBK
999 _c185366
_d185366